Dynamic Programming and Modern Control Theory /

Gespeichert in:
Bibliographische Detailangaben
Hauptverfasser: Bellman, Richard (Verfasst von), Kalaba, Robert (Verfasst von)
Format: Buch
Sprache:Englisch
Veröffentlicht: United States of America ACADEMIC PRESS INC. 1966
Ausgabe:2. vydanie
Tags: Tag hinzufügen
Keine Tags, Fügen Sie das erste Tag hinzu!

MARC

LEADER 00000nam a22000003a 4500
001 0099493
003 SK-STU
005 20221221170920.5
007 ta
008 221221s ----xo-----e------000-0-----d
040 |a STU  |b slo 
041 0 |a eng 
044 |a xxu 
100 1 |a Bellman, Richard  |4 aut 
245 1 0 |a Dynamic Programming and Modern Control Theory /  |c aut. Richard Bellman, Robert Kalaba 
250 |a 2. vydanie 
260 |a United States of America  |b ACADEMIC PRESS INC.  |c 1966 
300 |a 112 s. 
700 1 |a Kalaba, Robert   |4 aut 
996 |c I* 21TP13794  |l I  |s A  |a 24  |w 0099493_0001